बहार - ए - शायरी (Record no. 486169)

MARC details
000 -LEADER
fixed length control field 00583nam a22001937a 4500
003 - CONTROL NUMBER IDENTIFIER
control field OSt
005 - DATE AND TIME OF LATEST TRANSACTION
control field 20120302143937.0
008 - FIXED-LENGTH DATA ELEMENTS--GENERAL INFORMATION
fixed length control field 090131t xxu||||| |||| 00| 0 eng d
035 ## - SYSTEM CONTROL NUMBER
System control number २२४
040 ## - CATALOGING SOURCE
Transcribing agency हिन्दी
100 ## - MAIN ENTRY--PERSONAL NAME
Personal name शर्मा राजेश
9 (RLIN) 647
245 ## - TITLE STATEMENT
Title बहार - ए - शायरी
250 ## - EDITION STATEMENT
Edition statement १ ली
260 ## - PUBLICATION, DISTRIBUTION, ETC. (IMPRINT)
Place of publication, distribution, etc दिल्ली
Name of publisher, distributor, etc अर्चना
300 ## - PHYSICAL DESCRIPTION
Other physical details १२० पाने
600 ## - SUBJECT ADDED ENTRY--PERSONAL NAME
Personal name शर्मा राजेश
9 (RLIN) 648
700 ## - ADDED ENTRY--PERSONAL NAME
Personal name शर्मा राजेश
9 (RLIN) 649
942 ## - ADDED ENTRY ELEMENTS (KOHA)
Source of classification or shelving scheme Dewey Decimal Classification
Koha item type Book
Holdings
Withdrawn status Lost status Source of classification or shelving scheme Damaged status Not for loan Home library Current library Date acquired Cost, normal purchase price Total Checkouts Barcode Date last seen Price effective from
    Dewey Decimal Classification     Dr. Bedekar Vidya Mandir Library Dr. Bedekar Vidya Mandir Library 01/31/2009 0.00   २२४ 03/19/2010 03/19/2010